La nuit des proletaires

Αποθηκεύτηκε σε:
Λεπτομέρειες βιβλιογραφικής εγγραφής
Κύριος συγγραφέας: Rancière, Jacques
Μορφή: Βιβλίο
Γλώσσα:French
Δημοσίευση: Paris : Fayard, c1981
Σειρά:Espace du politique
Θέματα:
Ετικέτες: Προσθήκη ετικέτας
Δεν υπάρχουν, Καταχωρήστε ετικέτα πρώτοι!

MARC

LEADER 00000cam a2200000 i 4500
001 1/81778
008 970212s1981 fre d
020 |a 2-213-00985-6 
035 |l 10005370 
040 |a GR-MY-UA  |b gre  |e aacr 
041 0 |a fre 
082 0 |a 305.56 
100 1 |a Rancière, Jacques. 
245 1 3 |a La nuit des proletaires /  |c Jacques Ranciere 
260 |a Paris :   |b Fayard,   |c c1981 
300 |a 451 p.;  |c 24 cm 
490 1 |a Espace du politique 
504 |a Includes bibliographical references 
650 0 0 |a Working class  |z France  |x History  |y 19th century. 
650 0 0 |a Working class writings, French  |x History and criticism. 
650 0 0 |a Proletariat in literature. 
651 0 |a France  |x Social conditions  |y 19th century. 
830 0 |a Espace du politique 
852 |a INST  |b LESVOS  |e 19970212  |h 305.56 RAN  |p 005100012020  |q 005100012020  |t BK  |y 0 
852 |a INST  |b LESVOS  |e 19970212  |h 305.56 RAN  |p 005100012021  |q 005100012021  |t BK  |y 0 
852 |a INST  |b LESVOS  |e 19970212  |h 305.56 RAN  |p 005100012072  |q 005100012072  |t BK  |y 0 
852 |a INST  |b LESVOS  |e 19970212  |h 305.56 RAN  |p 005100012073  |q 005100012073  |t BK  |y 0 
909 |a Λ  |b 007319 
909 |a Λ  |b 007320 
909 |a Λ  |b 007321 
909 |a Λ  |b 007322